000 00714nam a2200217 a 4500
001 2099282
005 20170221112536.0
008 950303s1995 flua bf 001 0 eng d
020 _a9789351523987
040 _cPK-LaUMT
082 0 0 _a616.01
_220
_bGLA-C
100 1 _aGladwin, Mark
245 1 0 _aClinical microbiology made ridiculously simple /
_cMark Gladwin, William Trattler and C. Scott Mahan
260 _aNew Delhi :
_bJaypee Brothers Medical Publishers,
_c2004
300 _a403 p. :
_bill. ;
_c28 cm.
650 0 _aDiagnostic microbiology
_xHandbooks, manuals, etc.
650 0 _aMedical microbiology
_xHandbooks, manuals, etc.
650 2 _aMicrobiology.
700 1 _aTrattler, Bill.
942 _cBK
999 _c91086
_d91086